Kieliä yhdistettyjen lippujen mukaan - Statistics

Yleistilastot
  • Tätä visaa on pelattu 1 129 kertaa
  • Keskiarvotulos 11 / 16
Vastaustilastot
Kuvavisa Vastaus % Oikein
Ranska
99%
Espanja
98%
Portugali
98%
Saksa
98%
Englanti
97%
Venäjä
97%
Italia
96%
Ruotsi
95%
Kiina (mandariini ja kantoninkiina)
89%
Serbokroaatti
77%
Hollanti
54%
Swahili
39%
Afrikaans
31%
Katalaani
30%
Tigrinja
5%
Tsonga
4%
Ehtoja vastaavia visoja ei löytynyt
Tulosjakauma
Jokaisen tuloksen saaneiden osuus
Persentiili vastausten määrän mukaan
Tuloshistoriasi
Et ole pelannut tätä visaa